000 00451cam a2200169ua 4500
001 10878
008 190502n ii |||gr||||Z||||||asm
040 _cMAIN
041 _aasm
082 _a491.15103
100 _aDilip Sharma,
_eAuthor.
245 _aTulanamulak Asamar janajatiya shabda-kosh
_cBy Dilip Sharma
260 _aMysore:
_bCentral Institute of Indian Languages,
_c2008.
300 _a163p.
653 _aAssamese dictionary
942 _cBK
999 _c9834
_d9834